Statistiques concernant Programmes du Club Dorothée en images #1

Cliquez ici pour prendre le quiz!

Statistiques générales

  • Ce quiz a été pris 5 326 fois
  • Le résultat moyen est 10 sur 20

Statistiques - réponses

Réponse% Correct
Inspecteur Gadget
98%
Dragon Ball
92%
Olive et Tom
87%
Alerte à Malibu
86%
Les Bisounours
82%
Les Chevaliers du Zodiaque
63%
Hélène et les garçons
58%
Mon petit poney
56%
Sailor Moon
55%
Robocop
52%
Ken le Survivant
51%
Candy
46%
Salut les Musclés
41%
Capitaine Flam
36%
Bioman
35%
Les Filles d'à côté
29%
Ranma ½
23%
Juliette je t'aime
21%
Les Trois Mousquetaires
17%
Docteur Who
15%

Distribution des résultats

Percentile par nombre de réponses

% des personnes avec chaque résultat

Votre développement - résultats

Vous n’avez pas pris ce quiz